[Event "World Youth U-16 Olympiad 2018"]
[Site "Konya"]
[Date "2018.12.01"]
[Round "8"]
[White "Mitsis, Georgios"]
[Black "Mis, Mieszko"]
[Result "1-0"]
[WhiteElo "2296"]
[BlackElo "2260"]
[Annotator "NA"]
[PlyCount "154"]
[EventDate "2018.11.25"]
[EventType "team-tourn"]
[EventCountry "TUR"]
[SourceTitle "playchess.com"]
[Source "ChessBase"]
[SourceQuality "1"]
[WhiteTeam "Greece"]
[BlackTeam "Poland"]
[WhiteTeamCountry "GRE"]
[BlackTeamCountry "POL"]

1. d4 Nf6 2. Nf3 g6 3. c4 Bg7 4. Nc3 d5 5. cxd5 Nxd5 6. e4 Nxc3 7. bxc3 c5 8. Rb1 O-O 9. Be2 cxd4 10. cxd4 Qa5+ 11. Qd2 Qxd2+ 12. Bxd2 Rd8 13. d5 Nd7 14. Bb4 Bf8 15. O-O Nf6 16. Bd3 e6 17. Bc3 Nh5 18. Bc4 exd5 19. Bxd5 Nf4 20. Bf6 Re8 21. Bxb7 Bxb7 22. Rxb7 Rxe4 23. g3 Nd5 24. Bd4 Re2 25. Rfb1 Nb6 26. Rc1 Nd5 27. Rb5 Nb6 28. Ra5 Rc8 29. Rxc8 Nxc8 30. Be3 Rc2 31. Nd4 Rc5 32. Ra6 Rd5 33. Nb3 Rd6 34. Ra4 Rd7 35. Kg2 f6 36. Ra6 Rd6 37. Ra5 Rd7 38. Nd4 Nb6 39. Nc6 Nc4 40. Rxa7 Nxe3+ 41. fxe3 Rd2+ 42. Kf3 Rxh2 43. Ra8 Kg7 44. Nd4 Bd6 45. a4 Rh3 46. Ne2 Rh1 47. a5 Ra1 48. a6 Bc5 49. Nd4 Bb6 50. Nb5 Rb1 51. Nc3 Ra1 52. Nd5 Bc5 53. Rc8 Ra5 54. Rc7+ Kh6 55. Nxf6 Bb6 56. Rxh7+ Kg5 57. Ne4+ Kf5 58. Rf7+ Ke5 59. Re7+ Kd5 60. Rd7+ Ke5 61. Nd2 Ke6 62. Nc4 Rf5+ 63. Ke4 Bc5 64. Rc7 Rg5 65. a7 Bxa7 66. Rxa7 Rg4+ 67. Kd3 Rxg3 68. Ra6+ Kf5 69. Ra5+ Kf6 70. Nd2 Rg1 71. Ne4+ Ke6 72. Rg5 Rd1+ 73. Ke2 Ra1 74. Rb5 Rc1 75. Kf3 Rf1+ 76. Nf2 Kf6 77. e4 g5 1-0

[Event "World Youth U-16 Olympiad 2018"]
[Site "Konya"]
[Date "2018.12.01"]
[Round "8"]
[White "Pour Agha Bala, Amirreza"]
[Black "Yakubboev, Nodirbek"]
[Result "0-1"]
[WhiteElo "2293"]
[BlackElo "2556"]
[Annotator "RC"]
[PlyCount "110"]
[EventDate "2018.11.25"]
[EventType "team-tourn"]
[EventCountry "TUR"]
[SourceTitle "playchess.com"]
[Source "ChessBase"]
[SourceQuality "1"]
[WhiteTeam "Iran"]
[BlackTeam "Uzbekistan"]
[WhiteTeamCountry "IRI"]
[BlackTeamCountry "UZB"]

1. e4 c5 2. Nf3 d6 3. d4 cxd4 4. Nxd4 Nf6 5. Nc3 a6 6. Bg5 e6 7. f4 h6 8. Bh4 Qb6 9. a3 Be7 10. Bf2 Qc7 11. Qe2 Nbd7 12. O-O-O b5 13. g4 Rb8 14. h4 b4 15. axb4 Rxb4 16. Rh3 g6 17. g5 hxg5 18. hxg5 Rxh3 19. Bxh3 Nh5 20. Be3 Nb6 21. f5 Nc4 22. fxe6 Bxe6 23. Bxe6 fxe6 24. b3 Nxe3 25. Qxe3 Qc5 26. Kb2 Bxg5 27. Qh3 Rxd4 28. Qxe6+ Kd8 29. Rf1 Nf4 30. Qg8+ Kd7 31. Qf7+ Kc6 32. Rh1 Nh5 33. Qxg6 Nf6 34. Rh8 Qe5 35. Qg7 d5 36. Qa7 Rxe4 37. Rc8+ Kd6 38. Qxa6+ Ke7 39. Qb7+ Ke6 40. Qa6+ Kf7 41. Ka2 Re1 42. Qd3 Re3 43. Qd2 Rh3 44. Qe2 Re3 45. Qd2 d4 46. Na4 Rc3 47. Qxg5 Qxg5 48. Nxc3 dxc3 49. Rxc3 Qc1 50. b4 Nd5 51. Rc4 Ne3 52. Rc7+ Ke6 53. b5 Nxc2 54. b6 Qa1+ 55. Kb3 Qb1+ 0-1

[Event "World Youth U-16 Olympiad 2018"]
[Site "Konya"]
[Date "2018.12.01"]
[Round "8"]
[White "Milosevic, Milos"]
[Black "Schneider, Jana"]
[Result "1-0"]
[WhiteElo "2286"]
[BlackElo "2213"]
[Annotator "NA"]
[PlyCount "79"]
[EventDate "2018.11.25"]
[EventType "team-tourn"]
[EventCountry "TUR"]
[SourceTitle "playchess.com"]
[Source "ChessBase"]
[SourceQuality "1"]
[WhiteTeam "Serbia"]
[BlackTeam "Germany"]
[WhiteTeamCountry "SRB"]
[BlackTeamCountry "GER"]

1. d4 Nf6 2. Bg5 e6 3. e4 h6 4. Bxf6 Qxf6 5. Nc3 d6 6. Qd2 c6 7. f4 e5 8. dxe5 dxe5 9. fxe5 Qxe5 10. Nf3 Qa5 11. Bc4 Bb4 12. Bb3 O-O 13. O-O Nd7 14. Nh4 Nc5 15. Kh1 Nxb3 16. axb3 Qe5 17. Qe3 Bc5 18. Qf3 Bd6 19. g3 Bh3 20. Rfe1 h5 21. Nd1 Bc5 22. c3 Bg4 23. Qg2 Rad8 24. b4 Bb6 25. Nf2 Be6 26. Nh3 Rfe8 27. Nf3 Qb5 28. Nf4 Bc4 29. Qh3 g6 30. g4 Bc7 31. gxh5 Bxf4 32. hxg6 fxg6 33. Ra5 Be6 34. Qg2 Qd3 35. Qxg6+ Kf8 36. Qf6+ Bf7 37. Qxf4 Qc4 38. Ne5 Qe6 39. Nxf7 Qxf7 40. Rf5 1-0

[Event "World Youth U-16 Olympiad 2018"]
[Site "Konya"]
[Date "2018.12.01"]
[Round "8"]
[White "Csiki, Endre"]
[Black "Kong, Ren En"]
[Result "1-0"]
[WhiteElo "2272"]
[BlackElo "2059"]
[Annotator "NA"]
[PlyCount "45"]
[EventDate "2018.11.25"]
[EventType "team-tourn"]
[EventCountry "TUR"]
[SourceTitle "playchess.com"]
[Source "ChessBase"]
[SourceQuality "1"]
[WhiteTeam "Hungary"]
[BlackTeam "Malaysia"]
[WhiteTeamCountry "HUN"]
[BlackTeamCountry "MAS"]

1. e4 c5 2. Nf3 g6 3. d4 cxd4 4. Nxd4 Nc6 5. Nc3 Bg7 6. Be3 Nf6 7. Bc4 Qa5 8. O-O O-O 9. Bb3 d6 10. h3 Bd7 11. f4 Rac8 12. Nf3 Qh5 13. Qe2 a6 14. Bb6 Na5 15. e5 Nxb3 16. exf6 Nxa1 17. fxg7 Kxg7 18. Qxe7 Nxc2 19. Qxd7 Qf5 20. Qxf5 gxf5 21. Nh4 Kf6 22. Rf2 Nb4 23. Re2 1-0

[Event "World Youth U-16 Olympiad 2018"]
[Site "Konya"]
[Date "2018.12.01"]
[Round "8"]
[White "Stefansson, Vignir Vatnar"]
[Black "Leffad, Samy"]
[Result "1-0"]
[WhiteElo "2266"]
[BlackElo "1776"]
[Annotator "NA"]
[PlyCount "73"]
[EventDate "2018.11.25"]
[EventType "team-tourn"]
[EventCountry "TUR"]
[SourceTitle "playchess.com"]
[Source "ChessBase"]
[SourceQuality "1"]
[WhiteTeam "Iceland"]
[BlackTeam "Algeria"]
[WhiteTeamCountry "ISL"]
[BlackTeamCountry "ALG"]

1. d4 Nf6 2. c4 g6 3. Nc3 d5 4. cxd5 Nxd5 5. Na4 Bg7 6. e4 Nb6 7. Be3 Nxa4 8. Qxa4+ Nd7 9. Nf3 O-O 10. Rd1 c5 11. Be2 cxd4 12. Nxd4 a6 13. O-O Rb8 14. Qc2 e5 15. Nb3 b5 16. Bg4 Qe7 17. Bxd7 Bxd7 18. Bc5 Qe8 19. Bxf8 Bxf8 20. Nc5 Rc8 21. Nxd7 Qxd7 22. Qb3 Qc6 23. Rd5 Qc2 24. Rxe5 Qxb3 25. axb3 Bg7 26. Rd5 Bxb2 27. Rd6 Rc3 28. Rxa6 Rxb3 29. Rb1 Rd3 30. g3 Bd4 31. Ra2 h5 32. Rxb5 Rd1+ 33. Kg2 Re1 34. Rd5 Bb6 35. Rb2 Bc7 36. Rb7 Rc1 37. Rd7 1-0

[Event "World Youth U-16 Olympiad 2018"]
[Site "Konya"]
[Date "2018.12.01"]
[Round "8"]
[White "Tanriverdi, Enes"]
[Black "Tsoi, Dmitry"]
[Result "1-0"]
[WhiteElo "2265"]
[BlackElo "2424"]
[Annotator "RC"]
[PlyCount "119"]
[EventDate "2018.11.25"]
[EventType "team-tourn"]
[EventCountry "TUR"]
[SourceTitle "playchess.com"]
[Source "ChessBase"]
[SourceQuality "1"]
[WhiteTeam "Turkey"]
[BlackTeam "Russia"]
[WhiteTeamCountry "TUR"]
[BlackTeamCountry "RUS"]

1. d4 Nf6 2. c4 e6 3. Nf3 Bb4+ 4. Bd2 a5 5. Nc3 b6 6. e3 Bb7 7. Bd3 O-O 8. O-O d6 9. Rc1 Nbd7 10. a3 Bxc3 11. Bxc3 Ne4 12. b3 f5 13. Bb2 Ndf6 14. d5 e5 15. Ne1 Qd7 16. Qc2 g6 17. f3 Nc5 18. Be2 b5 19. f4 bxc4 20. Bxc4 e4 21. Bd4 Ba6 22. b4 Bxc4 23. Qxc4 Na6 24. Nc2 Qa4 25. Rfd1 Rf7 26. Qc6 Qxc6 27. dxc6 Rb8 28. Rb1 Rb5 29. a4 Rxb4 30. Nxb4 Nxb4 31. Bc3 Nfd5 32. Rxd5 Nxd5 33. Bxa5 Rf8 34. Rb5 Ne7 35. Bxc7 Nxc6 36. Rb6 Na7 37. Rxd6 Kf7 38. Ra6 Nc8 39. a5 Ke7 40. Be5 Kd7 41. Kf2 Re8 42. Rf6 Re6 43. Rxe6 Kxe6 44. Bd4 Kd5 45. a6 Kc6 46. h3 Nd6 47. g4 fxg4 48. hxg4 h6 49. a7 Kb7 50. Bc5 Nf7 51. f5 Ne5 52. Kg3 g5 53. f6 Ka8 54. Kg2 Kb7 55. Kf1 Ka8 56. Bd6 Nf7 57. Bb8 Kb7 58. Ke2 Nd8 59. Kd2 Nf7 60. Kc3 1-0

[Event "World Youth U-16 Olympiad 2018"]
[Site "Konya"]
[Date "2018.12.01"]
[Round "8"]
[White "Bekturov, Tamerlan"]
[Black "Kacharava, Nikolozi"]
[Result "1/2-1/2"]
[WhiteElo "2261"]
[BlackElo "2391"]
[Annotator "NA"]
[PlyCount "39"]
[EventDate "2018.11.25"]
[EventType "team-tourn"]
[EventCountry "TUR"]
[SourceTitle "playchess.com"]
[Source "ChessBase"]
[SourceQuality "1"]
[WhiteTeam "Kazakhstan"]
[BlackTeam "Georgia"]
[WhiteTeamCountry "KAZ"]
[BlackTeamCountry "GEO"]

1. d4 d5 2. c4 dxc4 3. e3 Nf6 4. Bxc4 e6 5. Nf3 c5 6. O-O a6 7. a4 Nc6 8. Qe2 cxd4 9. Rd1 Be7 10. exd4 O-O 11. Nc3 Nd5 12. Qe4 Nf6 13. Qe2 Nb4 14. Ne5 b6 15. Qf3 Qc7 16. Qg3 Nh5 17. Qh3 Nf6 18. Qg3 Nh5 19. Qh3 Nf6 20. Qg3 1/2-1/2

[Event "World Youth U-16 Olympiad 2018"]
[Site "Konya"]
[Date "2018.12.01"]
[Round "8"]
[White "Faerber, David"]
[Black "Tadic, Stefan"]
[Result "1-0"]
[WhiteElo "2257"]
[BlackElo "2210"]
[Annotator "NA"]
[PlyCount "43"]
[EventDate "2018.11.25"]
[EventType "team-tourn"]
[EventCountry "TUR"]
[SourceTitle "playchess.com"]
[Source "ChessBase"]
[SourceQuality "1"]
[WhiteTeam "Germany"]
[BlackTeam "Serbia"]
[WhiteTeamCountry "GER"]
[BlackTeamCountry "SRB"]

1. e4 Nf6 2. e5 Nd5 3. d4 d6 4. c4 Nb6 5. exd6 exd6 6. Nc3 Be7 7. Bd3 Nc6 8. Nge2 O-O 9. b3 Bf6 10. O-O Re8 11. Be3 a5 12. Qd2 a4 13. Rae1 axb3 14. axb3 Ra5 15. Bb1 Bg4 16. Ne4 Bxe2 17. Rxe2 Ra8 18. Nxf6+ Qxf6 19. Rfe1 Qd8 20. d5 Ne5 21. Bxb6 cxb6 22. f4 1-0

[Event "World Youth U-16 Olympiad 2018"]
[Site "Konya"]
[Date "2018.12.01"]
[Round "8"]
[White "Berdnyk, Mariia"]
[Black "Li, Wenxiang"]
[Result "0-1"]
[WhiteElo "2248"]
[BlackElo "2172"]
[Annotator "NA"]
[PlyCount "121"]
[EventDate "2018.11.25"]
[EventType "team-tourn"]
[EventCountry "TUR"]
[SourceTitle "playchess.com"]
[Source "ChessBase"]
[SourceQuality "1"]
[WhiteTeam "Ukraine"]
[BlackTeam "China"]
[WhiteTeamCountry "UKR"]
[BlackTeamCountry "CHN"]

1. d4 Nf6 2. c4 g6 3. Nc3 d5 4. Nf3 Bg7 5. e3 O-O 6. Be2 c5 7. O-O cxd4 8. exd4 Nc6 9. Ne5 Be6 10. cxd5 Nxd5 11. Nxc6 bxc6 12. Na4 Rb8 13. Nc5 Bf5 14. Bf3 Nb4 15. Bf4 Rb6 16. Be5 Bxe5 17. dxe5 Nc2 18. Rc1 Nb4 19. g4 Be6 20. Qxd8 Rxd8 21. a3 Nd5 22. Nxe6 fxe6 23. b4 Rf8 24. Be4 Ra6 25. Ra1 Kf7 26. Rfc1 Ke8 27. f3 Kd7 28. Kf2 Ra8 29. Bd3 Rb6 30. Rc5 a6 31. Kg3 Rh8 32. h4 Rf8 33. Rh1 Rf7 34. Ra5 Nc7 35. Rd1 Kc8 36. Rc5 Kb7 37. Rdc1 Rf8 38. a4 Nd5 39. a5 Nxb4 40. Be2 Rb5 41. Bxb5 axb5 42. Rd1 Nd5 43. Rc2 Ra8 44. Ra1 Rc8 45. Rc5 Ne3 46. f4 Nc4 47. f5 gxf5 48. gxf5 exf5 49. e6 Nd6 50. Kf4 Rg8 51. Rc2 Rg4+ 52. Kf3 Nc4 53. Rd1 Ka6 54. Ra2 Ne5+ 55. Kf2 Rxh4 56. Kg3 Rg4+ 57. Kh3 Ng6 58. Rd8 Nf4+ 59. Kh2 Nxe6 60. Ra8+ Kb7 61. Re8 0-1

[Event "World Youth U-16 Olympiad 2018"]
[Site "Konya"]
[Date "2018.12.01"]
[Round "8"]
[White "Wang, Wesley"]
[Black "Davtyan, Artur"]
[Result "0-1"]
[WhiteElo "2248"]
[BlackElo "2405"]
[Annotator "ChessBase"]
[PlyCount "58"]
[EventDate "2018.11.25"]
[EventType "team-tourn"]
[EventCountry "TUR"]
[SourceTitle "playchess.com"]
[Source "ChessBase"]
[SourceQuality "1"]
[WhiteTeam "United States"]
[BlackTeam "Armenia"]
[WhiteTeamCountry "USA"]
[BlackTeamCountry "ARM"]

1. e4 e5 2. Nf3 Nc6 3. Bc4 Bc5 4. c3 Nf6 5. d3 d6 6. O-O a5 7. Bg5 h6 8. Bh4 g5 9. Bg3 O-O 10. Re1 Bb6 11. Bb3 Nh7 12. Nfd2 g4 13. Nc4 Ba7 14. Ne3 h5 15. f3 a4 16. Bxa4 gxf3 17. Bf2 fxg2 18. Bb3 Ng5 19. Kxg2 Nh3 20. Qf3 Qg5+ 21. Kh1 Bg4 22. Qg3 Kh8 23. Nd2 f5 24. exf5 Rxf5 25. Ne4 Nxf2+ 26. Qxf2 Qg6 27. Qg3 Rf3 28. Qg1 Raf8 29. Bd1 Bxe3 0-1

[Event "World Youth U-16 Olympiad 2018"]
[Site "Konya"]
[Date "2018.12.01"]
[Round "8"]
[White "Kara, Yanki"]
[Black "Lazavik, Denis"]
[Result "1/2-1/2"]
[WhiteElo "2212"]
[BlackElo "2229"]
[Annotator "NA"]
[PlyCount "59"]
[EventDate "2018.11.25"]
[EventType "team-tourn"]
[EventCountry "TUR"]
[SourceTitle "playchess.com"]
[Source "ChessBase"]
[SourceQuality "1"]
[WhiteTeam "Turkey"]
[BlackTeam "Belarus"]
[WhiteTeamCountry "TUR"]
[BlackTeamCountry "BLR"]

1. Nf3 d5 2. g3 Nf6 3. Bg2 c6 4. O-O Bf5 5. c4 e6 6. cxd5 cxd5 7. Qb3 Qb6 8. Qxb6 axb6 9. Nc3 Nc6 10. d3 Bc5 11. Bf4 O-O 12. a3 Rfc8 13. Nb5 Ne8 14. Rac1 h6 15. Rfe1 Bh7 16. h4 Ra5 17. Nbd4 Nxd4 18. Nxd4 Raa8 19. Nb3 Be7 20. Bd2 Bf6 21. Rxc8 Rxc8 22. Rc1 Rxc1+ 23. Bxc1 Kf8 24. Kf1 Ke7 25. Ke1 Nd6 26. Kd1 g5 27. hxg5 hxg5 28. Kc2 Kd7 29. Be3 Bd8 30. Bd2 1/2-1/2

[Event "World Youth U-16 Olympiad 2018"]
[Site "Konya"]
[Date "2018.12.01"]
[Round "8"]
[White "Song, Yuxin"]
[Black "Shpanko, Nadiia"]
[Result "1/2-1/2"]
[WhiteElo "2206"]
[BlackElo "2262"]
[Annotator "NA"]
[PlyCount "54"]
[EventDate "2018.11.25"]
[EventType "team-tourn"]
[EventCountry "TUR"]
[SourceTitle "playchess.com"]
[Source "ChessBase"]
[SourceQuality "1"]
[WhiteTeam "China"]
[BlackTeam "Ukraine"]
[WhiteTeamCountry "CHN"]
[BlackTeamCountry "UKR"]

1. e4 c5 2. Nf3 d6 3. Bb5+ Nd7 4. d4 cxd4 5. Qxd4 a6 6. Be2 Ngf6 7. c4 e6 8. Nc3 Be7 9. O-O O-O 10. Rd1 Qc7 11. b3 Rd8 12. Ba3 Nc5 13. e5 dxe5 14. Qxe5 Rxd1+ 15. Rxd1 Qxe5 16. Nxe5 Kf8 17. Bf3 Rb8 18. Bxc5 Bxc5 19. Na4 Ba7 20. c5 Ke7 21. Nc4 Bd7 22. Nab6 Bxb6 23. Nxb6 Bc6 24. Bxc6 bxc6 25. f3 Nd5 26. Na4 Nb4 27. Nc3 Nd5 1/2-1/2

[Event "World Youth U-16 Olympiad 2018"]
[Site "Konya"]
[Date "2018.12.01"]
[Round "8"]
[White "Martins, Bruno Andre Leite"]
[Black "Bekasovs, Rihards"]
[Result "1-0"]
[WhiteElo "2205"]
[BlackElo "2206"]
[Annotator "NA"]
[PlyCount "55"]
[EventDate "2018.11.25"]
[EventType "team-tourn"]
[EventCountry "TUR"]
[SourceTitle "playchess.com"]
[Source "ChessBase"]
[SourceQuality "1"]
[WhiteTeam "Portugal"]
[BlackTeam "Latvia"]
[WhiteTeamCountry "POR"]
[BlackTeamCountry "LAT"]

1. e4 e6 2. d4 d5 3. Nd2 a6 4. Ngf3 c5 5. exd5 exd5 6. dxc5 Bxc5 7. Nb3 Bb6 8. Qe2+ Qe7 9. Bg5 f6 10. Bh4 Nc6 11. O-O-O Qxe2 12. Bxe2 Nge7 13. Rhe1 Kf7 14. Bg3 Be6 15. Nfd4 Nxd4 16. Nxd4 Bxd4 17. Rxd4 Nc6 18. Rd2 Rad8 19. f4 Rhe8 20. Bf3 g6 21. Bf2 Ne7 22. Rde2 Nc6 23. Bb6 Rd6 24. Bc5 Rdd8 25. g4 d4 26. Bb6 Rc8 27. Rxe6 Rxe6 28. Bd5 1-0

[Event "World Youth U-16 Olympiad 2018"]
[Site "Konya"]
[Date "2018.12.01"]
[Round "8"]
[White "Nalbant, Tuna Onat"]
[Black "Murzin, Volodar"]
[Result "1/2-1/2"]
[WhiteElo "2194"]
[BlackElo "2336"]
[Annotator "NA"]
[PlyCount "80"]
[EventDate "2018.11.25"]
[EventType "team-tourn"]
[EventCountry "TUR"]
[SourceTitle "playchess.com"]
[Source "ChessBase"]
[SourceQuality "1"]
[WhiteTeam "Turkey"]
[BlackTeam "Russia"]
[WhiteTeamCountry "TUR"]
[BlackTeamCountry "RUS"]

1. e4 c5 2. Nf3 d6 3. d4 cxd4 4. Nxd4 Nf6 5. Nc3 a6 6. h3 b5 7. g4 Bb7 8. Bg2 Nc6 9. O-O Nxd4 10. Qxd4 e5 11. Qd3 Be7 12. f4 Nd7 13. Nd5 Bxd5 14. exd5 exf4 15. Bxf4 O-O 16. Rae1 Bf6 17. Kh1 Be5 18. Qd2 Bxf4 19. Rxf4 Ne5 20. b3 a5 21. c3 Qg5 22. Rd4 Qxd2 23. Rxd2 Rfc8 24. Re3 a4 25. Bf1 axb3 26. axb3 Ra3 27. Rb2 Rc5 28. Kg2 g6 29. Re4 Rxd5 30. Rd4 Rc5 31. Rxd6 h5 32. gxh5 gxh5 33. Rb6 Rxc3 34. Rxb5 Ng6 35. Rb4 Ra5 36. Kh2 Rf5 37. Bg2 Ne5 38. Be4 Nf3+ 39. Bxf3 Rfxf3 40. Rh4 Rxb3 1/2-1/2

[Event "World Youth U-16 Olympiad 2018"]
[Site "Konya"]
[Date "2018.12.01"]
[Round "8"]
[White "Brilej, Jaka"]
[Black "Sahidi, Samir"]
[Result "0-1"]
[WhiteElo "2168"]
[BlackElo "2298"]
[Annotator "RC"]
[PlyCount "176"]
[EventDate "2018.11.25"]
[EventType "team-tourn"]
[EventCountry "TUR"]
[SourceTitle "playchess.com"]
[Source "ChessBase"]
[SourceQuality "1"]
[WhiteTeam "Slovenia"]
[BlackTeam "Slovakia"]
[WhiteTeamCountry "SLO"]
[BlackTeamCountry "SVK"]

1. e4 e5 2. Nf3 Nc6 3. Bb5 a6 4. Ba4 Nf6 5. d4 Nxe4 6. Qe2 b5 7. Qxe4 d5 8. Qe3 bxa4 9. Nxe5 Nxe5 10. Qxe5+ Qe7 11. Qxe7+ Bxe7 12. Nc3 Bb4 13. Bd2 Bxc3 14. Bxc3 Bf5 15. O-O-O Kd7 16. Rhe1 Rhe8 17. Bb4 f6 18. c3 h5 19. Kd2 Rab8 20. Rxe8 Rxe8 21. f4 Be6 22. Re1 g6 23. h4 Rb8 24. g3 Rg8 25. Ba3 Rg7 26. Bf8 Rf7 27. Ba3 Bf5 28. Kc1 Be4 29. c4 Ke6 30. cxd5+ Kxd5 31. Bc5 g5 32. hxg5 fxg5 33. fxg5 Rg7 34. Kd2 Rxg5 35. Re3 Rf5 36. a3 Rf2+ 37. Re2 Rf7 38. Rh2 Bg6 39. Ke3 Rf1 40. Rf2 Re1+ 41. Re2 Rd1 42. Kf4 Be4 43. Rf2 Rd3 44. Rf1 Bg2 45. Rf2 Bh3 46. Kg5 Bg4 47. Kh4 Bf3 48. Kg5 Ke4 49. Kh4 Rd1 50. Rh2 Bg4 51. Ba7 Rc1 52. Bc5 Kf3 53. Ba7 Ke3 54. Bc5 Rf1 55. Ba7 Kd3 56. Bc5 Be2 57. Ba7 Rb1 58. Bb8 Rxb2 59. Bxc7 Kxd4 60. Bd6 Kd3 61. Rf2 Rb6 62. Bf8 Bd1 63. Rf4 Rc6 64. Be7 Kc3 65. Rb4 Re6 66. Bf8 Kd3 67. Bc5 Bb3 68. Bf8 Re5 69. Rb6 a5 70. Rc6 Rf5 71. Be7 Re5 72. Bf8 Bd1 73. Bh6 Bg4 74. Bf8 Re8 75. Bh6 Re2 76. Bf8 Re4 77. Kg5 Bf3 78. Rf6 Bd1 79. Rf4 Re3 80. Kh4 Kc3 81. Rf5 Kb3 82. Rxa5 Re4+ 83. Kh3 Bg4+ 84. Kh4 Bd1+ 85. Kh3 Be2 86. Bd6 Ka2 87. Re5 Rxe5 88. Bxe5 Kxa3 0-1

[Event "World Youth U-16 Olympiad 2018"]
[Site "Konya"]
[Date "2018.12.01"]
[Round "8"]
[White "Siniauski, Artsiom"]
[Black "Kocyigit, Buse Naz"]
[Result "1/2-1/2"]
[WhiteElo "2168"]
[BlackElo "2005"]
[Annotator "NA"]
[PlyCount "65"]
[EventDate "2018.11.25"]
[EventType "team-tourn"]
[EventCountry "TUR"]
[SourceTitle "playchess.com"]
[Source "ChessBase"]
[SourceQuality "1"]
[WhiteTeam "Belarus"]
[BlackTeam "Turkey"]
[WhiteTeamCountry "BLR"]
[BlackTeamCountry "TUR"]

1. e4 c5 2. Nf3 d6 3. c3 Nf6 4. Be2 g6 5. O-O Bg7 6. Re1 O-O 7. Bf1 Nc6 8. h3 e5 9. d3 h6 10. a3 d5 11. Nbd2 d4 12. Nc4 Qc7 13. a4 Be6 14. cxd4 cxd4 15. Bd2 Bxc4 16. dxc4 a5 17. c5 Qe7 18. Qb3 Rfc8 19. Rac1 Nd7 20. Qd5 Bf8 21. Bb5 Nxc5 22. b4 axb4 23. Bxh6 Nxa4 24. Bg5 Qd6 25. Bxa4 Rxa4 26. Nxe5 Qxd5 27. exd5 Na7 28. Rxc8 Nxc8 29. Nd7 Ra8 30. Nf6+ Kg7 31. Ne8+ Kg8 32. Nf6+ Kg7 33. Ne8+ 1/2-1/2

[Event "World Youth U-16 Olympiad 2018"]
[Site "Konya"]
[Date "2018.12.01"]
[Round "8"]
[White "Caputcuoglu, Zeki Berke"]
[Black "Baenziger, Fabian"]
[Result "0-1"]
[WhiteElo "2156"]
[BlackElo "2347"]
[Annotator "NA"]
[PlyCount "95"]
[EventDate "2018.11.25"]
[EventType "team-tourn"]
[EventCountry "TUR"]
[SourceTitle "playchess.com"]
[Source "ChessBase"]
[SourceQuality "1"]
[WhiteTeam "Turkey"]
[BlackTeam "Switzerland"]
[WhiteTeamCountry "TUR"]
[BlackTeamCountry "SUI"]

1. e4 c5 2. Nf3 Nc6 3. Bb5 g6 4. O-O Bg7 5. Re1 Nf6 6. c3 O-O 7. d4 cxd4 8. cxd4 d5 9. e5 Ne8 10. Nc3 Bg4 11. Bxc6 bxc6 12. h3 Bxf3 13. Qxf3 Nc7 14. Qd3 Ne6 15. Be3 f6 16. exf6 Rxf6 17. Na4 Qd6 18. Nc5 Raf8 19. Rac1 Nd8 20. Rc2 R6f7 21. Rce2 Re8 22. b4 Rf5 23. f4 Rf7 24. Bd2 e6 25. g3 Rfe7 26. Kg2 Nf7 27. Be3 g5 28. fxg5 e5 29. Bd2 e4 30. Qe3 Qg6 31. h4 Nd6 32. Qf4 Rf7 33. h5 Rxf4 34. hxg6 Rf3 35. gxh7+ Kxh7 36. Nb3 Nf5 37. Bf4 Kg6 38. Rh1 Re7 39. Rc1 Kh5 40. Rxc6 Kg4 41. Rc5 Rd7 42. b5 Nxg3 43. Bxg3 Rxg3+ 44. Kf2 Rxb3 45. axb3 Bxd4+ 46. Ke1 Bxc5 47. Rg2+ Kf3 48. g6 0-1

[Event "World Youth U-16 Olympiad 2018"]
[Site "Konya"]
[Date "2018.12.01"]
[Round "8"]
[White "Fecker, Noah"]
[Black "Adiguzel, Ufuk Alp"]
[Result "1-0"]
[WhiteElo "2149"]
[BlackElo "2019"]
[Annotator "NA"]
[PlyCount "63"]
[EventDate "2018.11.25"]
[EventType "team-tourn"]
[EventCountry "TUR"]
[SourceTitle "playchess.com"]
[Source "ChessBase"]
[SourceQuality "1"]
[WhiteTeam "Switzerland"]
[BlackTeam "Turkey"]
[WhiteTeamCountry "SUI"]
[BlackTeamCountry "TUR"]

1. e4 c5 2. Nf3 e6 3. d4 cxd4 4. Nxd4 Nc6 5. Nc3 Qc7 6. Ndb5 Qb8 7. a4 a6 8. Na3 Bb4 9. g3 Qe5 10. Bg2 d5 11. O-O d4 12. Ne2 Qc5 13. c3 dxc3 14. bxc3 Bxc3 15. Be3 Qb4 16. Nc2 Qa5 17. Nxc3 Qxc3 18. Nd4 Nge7 19. Rc1 Qa5 20. Nxc6 Nxc6 21. Bc5 Qd8 22. Qb3 e5 23. f4 Qc7 24. Qe3 Bd7 25. Rfd1 Bg4 26. Rd5 Be6 27. f5 Bxd5 28. exd5 Nd8 29. d6 Qd7 30. Qxe5+ Ne6 31. fxe6 fxe6 32. Bh3 1-0

[Event "World Youth U-16 Olympiad 2018"]
[Site "Konya"]
[Date "2018.12.01"]
[Round "8"]
[White "Fernandes, Ricardo Paulos"]
[Black "Golsta, Madara"]
[Result "0-1"]
[WhiteElo "2110"]
[BlackElo "1849"]
[Annotator "NA"]
[PlyCount "126"]
[EventDate "2018.11.25"]
[EventType "team-tourn"]
[EventCountry "TUR"]
[SourceTitle "playchess.com"]
[Source "ChessBase"]
[SourceQuality "1"]
[WhiteTeam "Portugal"]
[BlackTeam "Latvia"]
[WhiteTeamCountry "POR"]
[BlackTeamCountry "LAT"]

1. b3 Nf6 2. Bb2 g6 3. Nf3 Bg7 4. g3 O-O 5. Bg2 d6 6. d4 Nbd7 7. O-O e5 8. dxe5 Ng4 9. h3 Ngxe5 10. Nxe5 Nxe5 11. Kh1 Be6 12. f4 Nc6 13. Bxg7 Kxg7 14. e4 f5 15. Nc3 Qd7 16. Kh2 Rae8 17. g4 fxg4 18. h4 Kg8 19. Qd2 Qg7 20. Rad1 Rf7 21. Ne2 Ne7 22. Nd4 Bd7 23. c4 Kh8 24. Ne2 Ng8 25. Qd4 Qxd4 26. Rxd4 Bc6 27. Nc3 Nf6 28. e5 Bxg2 29. Kxg2 Nh5 30. exd6 cxd6 31. Nb5 Re2+ 32. Rf2 Rxf2+ 33. Kxf2 g3+ 34. Kf3 Nxf4 35. Nxd6 Rf8 36. Rd1 Nh5+ 37. Kg4 g2 38. Rg1 Nf4 39. Nxb7 h5+ 40. Kg3 Ne2+ 41. Kxg2 Nxg1 42. Kxg1 Kg7 43. Nd6 Rd8 44. c5 Kf6 45. Kg2 Ke6 46. Kg3 Rf8 47. b4 Kd5 48. a3 a5 49. Nb7 axb4 50. axb4 Rb8 51. c6 Kxc6 52. Na5+ Kd5 53. Kf4 Rxb4+ 54. Kg5 Rb5 55. Kxg6 Rxa5 56. Kxh5 Ke6+ 57. Kg6 Ra4 58. h5 Rg4+ 59. Kh6 Kf7 60. Kh7 Rg7+ 61. Kh8 Rg8+ 62. Kh7 Re8 63. h6 Re6 0-1